Normal view
MARC view
Entry Personal Name
001 - CONTROL NUMBER
- control field: 19855
003 - CONTROL NUMBER IDENTIFIER
- control field: ARRUPE
005 - DATE AND TIME OF LATEST TRANSACTION
- control field: 20150914092922.0
008 - FIXED-LENGTH DATA ELEMENTS
- fixed length control field: 150914|| aca||aabn | a|a d
040 ## - CATALOGING SOURCE
- Original cataloging agency: ARRUPE
- Transcribing agency: ARRUPE
100 ## - HEADING--PERSONAL NAME
- Personal name: Duhem, Pierre Maurice Marie,
- Dates associated with a name: 1861-1916.
670 ## - SOURCE DATA FOUND
- Source citation: Work cat.: (ARRUPE)0: Duhem, Pierre Maurice Marie, 1861-1916., To save the phenomena, an essay on the idea of physical theory from Plato to Galileo., 1985